000 00339nam a2200133Ia 4500
008 210430s9999 xx 000 0 und d
020 _a978-81-317-2720-1
082 _a658 R6289 M
100 _aStephen P.Robbins
245 _aManagement 10th
_cStephen P.Robbins
260 _aIndia
_bDorling
_c2010
300 _a545p
942 _cBK
_2ddc
999 _c564747
_d564747